Description de drapeaux de pays #1 - Statistiques

Statistiques générales
  • Ce quiz a été pris 71 fois
  • Le résultat moyen est 12 sur 20
Statistiques - réponses
Description du drapeau Pays % Correct
Drapeau avec une feuille d'érable rouge Canada
98%
Drapeau symétrique de celui de l'Irlande Côte d'Ivoire
92%
Seul drapeau n'étant pas rectangulaire (ni carré) Népal
92%
Presque le même drapeau que la Roumanie (à des teintes près) Tchad
87%
Un AK-47 et une houe sont croisés Mozambique
82%
Le drapeau du Royaume-Uni et 4 étoiles rouges y figurent Nouvelle-Zélande
82%
Le temple d'Angkor Vat y figure Cambodge
80%
Une bande bleue et une bande jaune de même taille Ukraine
80%
Avec Chypre, seul drapeau sur lequel on peut voir la carte du pays Kosovo
75%
Trois bandes bleue, noire et blanche Estonie
70%
Le drapeau du Pays de Galles représente la même créature Bhoutan
67%
Un soleil doré est placé au centre entre deux bandes horizontales Argentine
65%
C'est le drapeau du Mexique si l'on ajoute les armoiries au centre (à des teintes près) Italie
57%
Au centre sur un rond bleu figurent 27 étoiles blanches et la devise du pays Brésil
52%
On peut y voir le chakra d'Ashoka au centre Inde
40%
Seul drapeau sans bleu ni blanc ni rouge Jamaïque
28%
Drapeau avec un oiseau arborant du violet Dominique
23%
Les bandes centrales de son drapeau symbolisent notamment les rayures d'un zèbre Botswana
22%
Son ancien drapeau est un symbole du mouvement rasta Éthiopie
18%
Drapeau ayant le plus de couleurs Équateur
3%
Aucun quiz correspondant
Distribution des résultats
% des personnes avec chaque résultat
Percentile par nombre de réponses
Votre historique - résultats
Vous n’avez pas pris ce quiz